[Event "ROM-ch blitz"]
[Site "Bucharest"]
[Date "2022.03.13"]
[Round "6"]
[White "Busuioc, Stelian Marian"]
[Black "Creanga, Robert Ionut"]
[Result "1/2-1/2"]
[WhiteElo "1762"]
[BlackElo "1971"]
[PlyCount "176"]
[EventDate "2022.03.13"]
[EventType "swiss (blitz)"]
[EventRounds "9"]
[EventCountry "ROU"]
[SourceTitle "EXT 2023"]
[Source "ChessBase"]
[SourceDate "2022.10.05"]
[SourceVersion "1"]
[SourceVersionDate "2022.10.05"]
[SourceQuality "1"]

1. Nf3 Nf6 2. g3 e6 3. Bg2 d5 4. 0-0 c5 5. d3 Nc6 6. c3 Be7 7. Qc2 0-0 8. e4 b5 9. Nbd2 a5 10. Re1 Ba6 11. a3 b4 12. Bf1 Qc7 13. h3 Rfd8 14. Kg2 Rac8 15. Be2 h6 16. Nf1 dxe4 17. dxe4 Bxe2 18. Qxe2 Qb7 19. N1d2 Nd7 20. Nc4 Nb6 21. Nfd2 bxc3 22. bxc3 Na4 23. Qf3 Qc7 24. e5 Rb8 25. Ne4 Nb6 26. Ned2 Nxc4 27. Nxc4 Bf8 28. Bf4 Ne7 29. Ne3 c4 30. Rab1 Rxb1 31. Rxb1 Nd5 32. Nxd5 Rxd5 33. Qe4 Bxa3 34. Ra1 Bf8 35. Rb1 g5 36. Be3 Rxe5 37. Qd4 Rd5 38. Qe4 Qe5 39. Qxc4 Rd8 40. Bd4 Qd5+ 41. Qxd5 Rxd5 42. Ra1 Kh7 43. Ra4 Kg6 44. Kf3 f6 45. Ke4 f5+ 46. Kf3 e5 47. Bb6 Rd3+ 48. Ke2 Rxc3 49. Rxa5 Rb3 50. Bc7 e4 51. Ra6+ Kf7 52. Be5 Rb5 53. Bd4 Bg7 54. Ra7+ Ke6 55. Rxg7 f4 56. gxf4 gxf4 57. Rg6+ Kd5 58. Bc3 Rb3 59. Bd2 Rb2 60. Rxh6 Kd4 61. Rd6+ Ke5 62. Rd8 Kf5 63. Rf8+ Ke5 64. h4 f3+ 65. Kd1 Ra2 66. h5 Kd4 67. Be3+ Kc3 68. Rc8+ Kd3 69. Rd8+ Kc3 70. h6 Ra1+ 71. Bc1 Ra7 72. Rc8+ Kd3 73. Rd8+ Kc3 74. Rd6 Re7 75. Be3 Rb7 76. Bd2+ Kc4 77. Rc6+ Kd3 78. Rd6+ Kc4 79. Re6 Kd3 80. Rd6+ Kc4 81. Bc1 Ra7 82. Re6 Kd3 83. Rd6+ Kc4 84. Rc6+ Kd3 85. Rd6+ Kc4 86. Rc6+ Kd3 87. Rd6+ Kc4 88. Rc6+ Kd3 1/2-1/2

[Event "ROM-ch U12"]
[Site "Calimanesti"]
[Date "2018.04.03"]
[Round "9"]
[White "Boghici, Mario Bogdan"]
[Black "Busuioc, Stelian Marian"]
[Result "0-1"]
[WhiteElo "1423"]
[BlackElo "1575"]
[PlyCount "32"]
[EventDate "2018.03.27"]
[EventType "swiss"]
[EventRounds "9"]
[EventCountry "ROU"]
[SourceTitle "CBM 183 Extra"]
[Source "ChessBase"]
[SourceDate "2018.04.19"]
[SourceVersion "1"]
[SourceVersionDate "2018.04.19"]
[SourceQuality "1"]

1. e4 e5 2. Nf3 Nc6 3. Bc4 Bc5 4. c3 Nf6 5. d3 d6 6. Bb3 a6 7. 0-0 0-0 8. h3 h6 9. Re1 Ba7 10. Nbd2 Nh5 11. Nf1 Qf6 12. Be3 Nf4 13. Qd2 Nxh3+ 14. gxh3 Qxf3 15. Ng3 Bxh3 16. Qe2 Qg2# 0-1

[Event "ROM-ch U12"]
[Site "Calimanesti"]
[Date "2018.04.02"]
[Round "8"]
[White "Busuioc, Stelian Marian"]
[Black "Mihalcescu, Alexandru"]
[Result "0-1"]
[WhiteElo "1575"]
[BlackElo "1497"]
[PlyCount "94"]
[EventDate "2018.03.27"]
[EventType "swiss"]
[EventRounds "9"]
[EventCountry "ROU"]
[SourceTitle "CBM 183 Extra"]
[Source "ChessBase"]
[SourceDate "2018.04.19"]
[SourceVersion "1"]
[SourceVersionDate "2018.04.19"]
[SourceQuality "1"]

1. e4 c5 2. Nf3 d6 3. d4 cxd4 4. Nxd4 Nf6 5. Nc3 a6 6. f4 g6 7. Be3 Bg7 8. Be2 0-0 9. 0-0 Nc6 10. Qd2 Bg4 11. Rad1 Nxd4 12. Bxd4 Nxe4 13. Qe3 Nxc3 14. bxc3 Bxe2 15. Qxe2 Qc7 16. Rde1 Rfe8 17. Qd3 Rac8 18. Bxg7 Kxg7 19. Qf3 b5 20. Re3 Qc4 21. Ra1 e6 22. h3 Rc7 23. Rd1 d5 24. f5 gxf5 25. Rd4 Qc5 26. Qg3+ Kf8 27. Qe5 Rd8 28. Qf6 Ke8 29. Qxf5 h6 30. Qf6 Qa3 31. Rg3 Re7 32. Rg8+ Kd7 33. Rxd8+ Kxd8 34. Qe5 Rc7 35. Qh8+ Ke7 36. Qxh6 Qxc3 37. Qg5+ Kd7 38. Rf4 Qe3+ 39. Kh2 f5 40. h4 Rxc2 41. Qg7+ Kc6 42. Rf1 Rc4 43. Qf6 Qe4 44. Qf8 Qxh4+ 45. Kg1 Qd4+ 46. Kh2 Qe5+ 47. Kg1 Qe3+ 0-1

[Event "ROM-ch U10"]
[Site "Calimanesti Caciulata"]
[Date "2016.04.22"]
[Round "6"]
[White "Rata, Andrei"]
[Black "Busuioc, Stelian Marian"]
[Result "1-0"]
[WhiteElo "1320"]
[BlackElo "1365"]
[PlyCount "105"]
[EventDate "2016.04.18"]
[EventType "swiss"]
[EventRounds "9"]
[EventCountry "ROU"]
[SourceTitle "CBM 172 Extra"]
[Source "ChessBase"]
[SourceDate "2016.06.21"]
[SourceVersion "1"]
[SourceVersionDate "2016.06.21"]
[SourceQuality "1"]

1. e4 e5 2. Nf3 Nc6 3. Bc4 Bc5 4. c3 Nf6 5. d4 exd4 6. cxd4 Bb4+ 7. Bd2 Bxd2+ 8. Nbxd2 d5 9. exd5 Nxd5 10. Qb3 Na5 11. Qa4+ Nc6 12. 0-0 0-0 13. Nb3 Nb6 14. Qb5 Nxc4 15. Qxc4 Be6 16. Qc3 Re8 17. Nc5 Rb8 18. Nxe6 Rxe6 19. Rfe1 Qd7 20. Rxe6 Qxe6 21. Qe3 Re8 22. Qxe6 Rxe6 23. d5 Rd6 24. dxc6 Rxc6 25. h3 h6 26. Rd1 Rc2 27. Rd2 Rc1+ 28. Kh2 Rc5 29. Re2 Kf8 30. Ne5 Rd5 31. Nf3 Rd7 32. Rd2 Rxd2 33. Nxd2 Ke7 34. Kg3 Ke6 35. Kf4 Kf6 36. Ne4+ Ke7 37. h4 b6 38. Nc3 a6 39. g4 Ke6 40. Ke4 Kd6 41. b4 Ke6 42. f4 Kd6 43. g5 h5 44. f5 g6 45. fxg6 fxg6 46. Nd5 b5 47. Nf6 Ke6 48. Kf4 c6 49. Ke4 Kd6 50. Nxh5 gxh5 51. Kf5 Ke7 52. Kg6 Kf8 53. Kh7 1-0

[Event "ROM-ch U10"]
[Site "Calimanesti Caciulata"]
[Date "2016.04.21"]
[Round "4"]
[White "Nicolae, Dan Stefan"]
[Black "Busuioc, Stelian Marian"]
[Result "0-1"]
[WhiteElo "1206"]
[BlackElo "1365"]
[PlyCount "106"]
[EventDate "2016.04.18"]
[EventType "swiss"]
[EventRounds "9"]
[EventCountry "ROU"]
[SourceTitle "CBM 172 Extra"]
[Source "ChessBase"]
[SourceDate "2016.06.21"]
[SourceVersion "1"]
[SourceVersionDate "2016.06.21"]
[SourceQuality "1"]

1. d4 d5 2. e3 Nf6 3. Nf3 e6 4. Bd3 Be7 5. Nbd2 0-0 6. 0-0 Nbd7 7. c3 b6 8. Re1 Bb7 9. Qc2 c5 10. b3 h6 11. Bb2 Rc8 12. Rac1 Qc7 13. h3 Ne8 14. e4 dxe4 15. Nxe4 Nd6 16. Nxd6 Bxd6 17. dxc5 Nxc5 18. Bh7+ Kh8 19. Nh4 Be7 20. Nf3 Bxf3 21. gxf3 Qf4 22. c4 Qxf3 23. Re3 Qc6 24. Rg3 Bf6 25. Bxf6 gxf6 26. Kh2 Qd6 27. Rd1 Qc7 28. Rdg1 Rcd8 29. Kh1 Qf4 30. R1g2 f5 31. Qc3+ Qd4 32. Qxd4+ Rxd4 33. Rg7 Rdd8 34. Kh2 Ne4 35. h4 Nf6 36. Bxf5 exf5 37. R7g3 Ng4+ 38. Kh3 Rd1 39. Rf3 Rh1+ 40. Kg3 Rg8 41. Kf4 Rxh4 42. Kxf5 Ne3+ 43. fxe3 Rxg2 44. a4 Rhh2 45. Kf6 Rf2 46. Rxf2 Rxf2+ 47. Ke5 Rb2 48. Kf6 Kg8 49. e4 Rxb3 50. e5 Rb4 51. c5 bxc5 52. e6 fxe6 53. Kxe6 Rxa4 0-1